| 000 | 00848aam a2200301 4500 | ||
|---|---|---|---|
| 001 | 19108 | ||
| 003 | CO-MdFUSB | ||
| 005 | 20180622170548.0 | ||
| 008 | 170420t1981 enko|||g |||| 00| 0 eng d | ||
| 020 | _a0-00-627852-3 | ||
| 040 |
_aCO-MdFUSB _bspa _cCO-MdFUSB _dCO-MdFUSBC _erda |
||
| 041 | _aeng | ||
| 082 |
_224 _aG 282.092 _bT5319t |
||
| 100 | 1 |
_aHollings, Michael _eautor |
|
| 245 | 0 | 0 |
_aThérèse of Lisieux _c/ Michael Hollings |
| 264 | 1 |
_aLondon : _bHarperCollins Publishers, _c℗1981 |
|
| 264 | 4 | _c©1981 | |
| 300 |
_a95 páginas _b: _c; |
||
| 336 |
_2rdacontent _a1 _ba1 |
||
| 337 |
_2rdamedia _a2 _b5 |
||
| 338 |
_2rdacarrier _a2 _b5 |
||
| 490 | _aFount Classics | ||
| 505 | 0 | 0 | _aUna biografía de Santa Teresa de Lisieux |
| 563 | _aRústico | ||
| 650 | 7 |
_959 _aPadres de la Iglesia |
|
| 942 | _cBK | ||
| 999 |
_c45483 _d45483 |
||